Differential psychology: individual and group differences in behavior

Uloženo v:
Podrobná bibliografie
Hlavní autor: Anastasi, Anne (Autor)
Médium: Kniha
Jazyk:angličtina
Vydáno: Nueva York MacMillan 1958
Vydání:3a. ed
Témata:
Tagy: Přidat tag
Žádné tagy, Buďte první, kdo vytvoří štítek k tomuto záznamu!

MARC

LEADER 00000nam a2200000 a 4500
001 UCY6039
003 CL-VaPUC
008 950521e19580000US |||||||||||||||||eng|d
082 0 4 |a 155.2  |b ANA  |2 21 
100 0 |a Anastasi, Anne  |e author  |9 335587 
245 1 0 |a Differential psychology: individual and group differences in behavior 
250 |a 3a. ed 
300 |a 664 p 
942 |c BK 
945 |d 19950521 00:00:00  |a mfernand 
260 |a Nueva York  |b MacMillan  |c 1958 
650 7 |a DIFERENCIA INDIVIDUAL  |2 CL-VaPUC  |9 334997 
650 0 |a Psicología individual  |9 309049 
650 7 |a INDIVIDUALIDAD  |2 CL-VaPUC  |9 268124 
650 0 |a Desarrollo individual   |9 307875 
650 0 |a Comportamiento   |9 308406 
650 7 |a COMPORTAMIENTO DE GRUPO  |2 CL-VaPUC  |9 335588 
650 0 |a Personalidad   |9 307255 
583 |a last modification  |c 19950521 00:00:00  |k Rodrigo Vera 
999 |c 233623  |d 233621 
952 |0 0  |1 0  |4 0  |6 155_200000000000000_ANA_1958  |7 0  |8 P  |9 239257  |a BIBEDU  |b BIBEDU  |c BIBEDU_PB  |d 2019-11-18  |i 1505327  |o 155.2 ANA 1958  |p 1505327  |r 2024-01-25  |w 2019-11-18  |y BK  |k EDU